Name a Valid Color on Different Country Flags - Statistics

General Stats
  • This quiz has been taken 324 times
  • The average score is 21 of 22
Answer Stats
# Country Colors on Flags % Correct
2 Uzbekistan Blue|Green
99%
2 Nepal Blue|Red
99%
4 Seychelles Blue|Red|Yellow|Green
99%
1 Pakistan Green
99%
3 Jamaica Green|Black|Yellow
99%
2 Ivory Coast Green|Orange
99%
5 South Africa Green|Yellow|Black|Red|Blue
99%
2 Vatican City Yellow|Black
99%
1 Finland Blue
98%
3 Germany Red|Yellow|Black
98%
2 Estonia Black|Blue
97%
3 Bhutan Black|Orange|Yellow
97%
3 Eswatini Black|Red|Blue
97%
2 Sierra Leone Green|Blue
97%
3 Malawi Green|Red|Black
97%
4 Sri Lanka Red|Orange|Green|Yellow
97%
3 Kiribati Red|Yellow|Blue
97%
3 Grenada Green|Red|Yellow
96%
2 Cyprus Orange|Green
96%
3 Brunei Yellow|Black|Red
96%
4 Central African Republic Yellow|Green|Blue|Red
96%
3 Benin Green|Yellow|Orange
95%
No matching quizzes found
Score Distribution
Percent of People with Each Score
Percentile by Number Answered
Your Score History
You have not taken this quiz